Statistics for Aquatic Creature That Rhymes With...

Click here to take the quiz!

General Stats

  • This quiz has been taken 37 times
  • The average score is 11 of 16

Answer Stats

HintAnswer% Correct
KaleWhale
94%
Golfin'Dolphin
91%
PuppyGuppy
91%
ParkShark
91%
BlimpShrimp
84%
SpielSeal or Eel
78%
TussleMussel
75%
LidSquid
75%
SnoutTrout
75%
LogFrog
72%
DrillKrill
72%
HarpCarp
69%
LabCrab
66%
SpamClam
53%
LunarTuna
47%
TrimBream
13%

Score Distribution

Percentile by Number Answered

Percent of People with Each Score

Your Score History

You have not taken this quiz